[Event "IX Floripa Chess Open Fort Atacadista"]
[Site "Florianópolis - Santa Catari"]
[Date "2023.01.26"]
[Round "5.99"]
[White "De Souza, Nicolas Gabriel"]
[Black "Karoly, Carlos Acacio Gomes"]
[Result "1-0"]
[WhiteElo "1326"]
[BlackElo "1877"]
[PlyCount "53"]
[EventDate "2023.01.23"]
[EventRounds "10"]
[EventCountry "BRA"]

1. e4 c5 2. Nf3 e6 3. d3 Nc6 4. g3 d6 5. Bg2 Nf6 6. O-O Be7 7. Re1 Qc7 8. c3
O-O 9. d4 cxd4 10. cxd4 d5 11. e5 Ne4 12. Nc3 Nxc3 13. bxc3 Na5 14. Qd3 h6 15.
h4 Bd7 16. Bf4 Rfc8 17. Rac1 Nc4 18. Nh2 Qa5 19. Ng4 Bf8 20. Bxh6 Bb5 21. Qf3
Qxa2 22. Bg5 Nd2 23. Qf4 Ne4 24. Bxe4 dxe4 25. Nf6+ Kh8 26. Qxe4 g6 27. h5 1-0

[Event "IX Floripa Chess Open Fort Atacadista"]
[Site "Florianópolis - Santa Catari"]
[Date "2023.01.26"]
[Round "5.100"]
[White "Fraga, Heitor Carneiro"]
[Black "De Souza, Regis Gabetta"]
[Result "0-1"]
[WhiteElo "1556"]
[BlackElo "2221"]
[PlyCount "82"]
[EventDate "2023.01.23"]
[EventRounds "10"]
[EventCountry "BRA"]

1. e4 e5 2. Nf3 Nc6 3. Bb5 g6 4. O-O Bg7 5. c3 a6 6. Ba4 b5 7. Bb3 Nge7 8. d4
exd4 9. cxd4 d6 10. h3 O-O 11. Re1 Na5 12. Bd2 c5 13. Bg5 Nxb3 14. axb3 Qc7 15.
Nc3 Bb7 16. e5 dxe5 17. dxe5 Nf5 18. Nd5 Qc6 19. Ne7+ Nxe7 20. Bxe7 Rfe8 21.
Qd6 Qc8 22. e6 Bxf3 23. exf7+ Kxf7 24. gxf3 Qf5 25. Re4 Kg8 26. Qxc5 Qxf3 27.
Qd5+ Qf7 28. Qxf7+ Kxf7 29. Rae1 Bxb2 30. R1e2 Bf6 31. Bxf6 Rxe4 32. Rxe4 Kxf6
33. Kf1 a5 34. Re3 Rc8 35. Ke2 Rc2+ 36. Kf3 Ra2 37. b4 a4 38. Rd3 Rb2 39. Rd4
a3 40. Rd3 a2 41. Ra3 Rb3+ 0-1

[Event "IX Floripa Chess Open Fort Atacadista"]
[Site "Florianópolis - Santa Catari"]
[Date "2023.01.26"]
[Round "5.102"]
[White "Fernandez, Maria Florencia"]
[Black "Gomes, Marco Tulio Caldeir"]
[Result "1-0"]
[WhiteElo "2181"]
[BlackElo "1645"]
[PlyCount "23"]
[EventDate "2023.01.23"]
[EventRounds "10"]
[EventCountry "BRA"]

1. d4 Nf6 2. c4 e6 3. Nc3 Bb4 4. a3 Bxc3+ 5. bxc3 c5 6. d5 d6 7. f3 h6 8. e4 e5
9. Be3 O-O 10. Bd3 Re8 11. Qd2 Nbd7 12. g4 1-0

[Event "IX Floripa Chess Open Fort Atacadista"]
[Site "Florianópolis - Santa Catari"]
[Date "2023.01.26"]
[Round "5.103"]
[White "Delgado, Lidio Dias"]
[Black "Mariano, Kaiki Pereira"]
[Result "1-0"]
[WhiteElo "2150"]
[BlackElo "1639"]
[PlyCount "109"]
[EventDate "2023.01.23"]
[EventRounds "10"]
[EventCountry "BRA"]

1. d4 Nf6 2. Nf3 e6 3. c4 d5 4. Nc3 Be7 5. Bg5 O-O 6. e3 Nbd7 7. Rc1 b6 8. cxd5
Nxd5 9. Bxe7 Nxe7 10. Bd3 Nf6 11. O-O Bb7 12. Qe2 Ned5 13. Rfd1 Rc8 14. Ba6
Bxa6 15. Qxa6 Nxc3 16. bxc3 Qe7 17. Ne5 c5 18. h3 Rfd8 19. a4 Qc7 20. c4 Nd7
21. Nxd7 Rxd7 22. dxc5 bxc5 23. Rxd7 Qxd7 24. Rb1 g6 25. Rb7 Rc7 26. Rb8+ Kg7
27. Qb5 Qd1+ 28. Kh2 Qd6+ 29. g3 Rd7 30. Rc8 Rc7 31. Qb2+ e5 32. Qb8 Qd2 33.
Rg8+ Kf6 34. Kg2 Qd7 35. Rd8 Qc6+ 36. Rd5 Kg7 37. e4 f6 38. h4 Rf7 39. Qb5 Qxb5
40. axb5 Rc7 41. f4 exf4 42. gxf4 h5 43. Kf3 Kf7 44. Rd6 Kg7 45. e5 f5 46. Ke3
Kf7 47. Kd3 Ke7 48. Kc3 Rd7 49. Rd5 Ke6 50. Rxc5 Rd1 51. Rc6+ Kf7 52. Rc7+ Ke6
53. Rxa7 g5 54. hxg5 h4 55. Rh7 1-0

[Event "IX Floripa Chess Open Fort Atacadista"]
[Site "Florianópolis - Santa Catari"]
[Date "2023.01.26"]
[Round "5.104"]
[White "Silveira, Leonardo Eleuterio "]
[Black "Calcada, Lucas Galvan"]
[Result "0-1"]
[WhiteElo "2124"]
[BlackElo "1638"]
[PlyCount "78"]
[EventDate "2023.01.23"]
[EventRounds "10"]
[EventCountry "BRA"]

1. d4 d5 2. c4 e6 3. Nf3 c5 4. e3 Nc6 5. Nc3 Nf6 6. Be2 cxd4 7. exd4 Be7 8. O-O
O-O 9. Bg5 h6 10. Bh4 dxc4 11. Bxc4 Nd5 12. Bg3 Bf6 13. Ne4 Nb6 14. Nxf6+ Qxf6
15. Be5 Nxe5 16. dxe5 Qe7 17. Bb3 Rd8 18. Qe2 Bd7 19. Rfd1 Bc6 20. h3 Rxd1+ 21.
Rxd1 Rd8 22. Rxd8+ Qxd8 23. Qe3 Bxf3 24. Qxf3 Qc7 25. Qe3 a6 26. f4 Qc6 27. Qd4
Qc7 28. Kf2 Nc8 29. h4 h5 30. Bd1 g6 31. Bb3 Qe7 32. Kg3 Qc7 33. Bd1 Ne7 34.
Kh2 Nf5 35. Qf2 Qc1 36. Bb3 Ne3 37. Qf3 Ng4+ 38. Kh3 Qh1+ 39. Kg3 Qh2# 0-1

[Event "IX Floripa Chess Open Fort Atacadista"]
[Site "Florianópolis - Santa Catari"]
[Date "2023.01.26"]
[Round "5.105"]
[White "Heredia Serrano, Carla"]
[Black "Jiang, Lucas Zirui"]
[Result "1-0"]
[WhiteElo "2093"]
[BlackElo "1637"]
[PlyCount "99"]
[EventDate "2023.01.23"]
[EventRounds "10"]
[EventCountry "BRA"]

1. e4 c6 2. Nc3 d5 3. Nf3 dxe4 4. Nxe4 Nf6 5. Qe2 Bg4 6. Nxf6+ gxf6 7. h3 Bh5
8. b3 e6 9. Bb2 Bd6 10. O-O-O Nd7 11. g4 Bg6 12. h4 h6 13. Bg2 Qe7 14. Kb1
O-O-O 15. Nd4 Nb8 16. Qc4 a6 17. Rhe1 Qc7 18. Nf3 Nd7 19. Qe2 Rhg8 20. Bh3 Kb8
21. d3 Rde8 22. Nd2 Be5 23. d4 Bf4 24. Nc4 Nb6 25. Nxb6 Qxb6 26. Ba3 Rd8 27.
Qf3 Qc7 28. Be7 Qxe7 29. Qxf4+ Ka8 30. h5 Bh7 31. Qxh6 Rh8 32. Qe3 Rd5 33. Qc3
Rhd8 34. Bg2 Rg5 35. Bh3 Qd6 36. a4 Rd5 37. Bg2 Rxd4 38. Rxd4 Qxd4 39. Qxd4
Rxd4 40. Bf3 Rd2 41. Re2 Bxc2+ 42. Kb2 Rxe2 43. Bxe2 Bh7 44. Kc3 Kb8 45. Bd3 f5
46. Kd4 Kc7 47. gxf5 exf5 48. Ke5 Kd8 49. Kf6 Ke8 50. Kg7 1-0

[Event "IX Floripa Chess Open Fort Atacadista"]
[Site "Florianópolis - Santa Catari"]
[Date "2023.01.26"]
[Round "5.106"]
[White "Madeira, Wagner Martins"]
[Black "Goetten Wagner, Julia"]
[Result "1-0"]
[WhiteElo "2080"]
[BlackElo "1631"]
[PlyCount "69"]
[EventDate "2023.01.23"]
[EventRounds "10"]
[EventCountry "BRA"]

1. e4 c5 2. c3 d5 3. exd5 Nf6 4. d4 cxd4 5. cxd4 Nxd5 6. Nf3 Nc6 7. Be2 Bg4 8.
O-O e6 9. Nc3 Be7 10. Be3 O-O 11. Qd2 Rc8 12. Rfd1 Na5 13. Nxd5 Qxd5 14. b3 Ba3
15. Ne5 Bxe2 16. Qxe2 Rfd8 17. Qg4 f6 18. Nd3 Rc6 19. h4 h5 20. Qe2 Qf5 21. Nf4
Qg4 22. Qb5 e5 23. Qxa5 exf4 24. Qxd8+ Kh7 25. f3 Qxh4 26. Bf2 Qg5 27. Qe8 f5
28. Qe2 h4 29. Kh2 h3 30. gxh3 Qh5 31. Rg1 Rh6 32. h4 Rc6 33. Rg5 Qf7 34. Rag1
g6 35. h5 1-0

[Event "IX Floripa Chess Open Fort Atacadista"]
[Site "Florianópolis - Santa Catari"]
[Date "2023.01.26"]
[Round "5.107"]
[White "Do Carmo, Gabriel Carckeno"]
[Black "Soares, Joao Carlos T. C."]
[Result "0-1"]
[WhiteElo "1651"]
[BlackElo "2062"]
[PlyCount "78"]
[EventDate "2023.01.23"]
[EventRounds "10"]
[EventCountry "BRA"]

1. d4 Nf6 2. Nf3 g6 3. e3 Bg7 4. c4 O-O 5. Be2 d6 6. Nc3 Nbd7 7. Qc2 e5 8. dxe5
dxe5 9. e4 h6 10. h3 Re8 11. Be3 c6 12. Rd1 Qe7 13. O-O Nf8 14. Rd2 Nh5 15.
Rfd1 Ne6 16. g3 Ng5 17. Nxg5 hxg5 18. Kh2 Nf4 19. Bf1 Ne6 20. c5 Qf8 21. Ne2 f5
22. Rd6 f4 23. Bc1 Kh7 24. b4 a5 25. a3 axb4 26. axb4 Nd4 27. R1xd4 fxg3+ 28.
Nxg3 exd4 29. e5 Bf5 30. Nxf5 Qxf5 31. Qxf5 gxf5 32. Rd7 Ra1 33. Bxg5 Rxf1 34.
Bf6 Rg8 35. e6 Kg6 36. Bh4 Re8 37. e7 Kf7 38. b5 Bf6 39. bxc6 bxc6 0-1

[Event "IX Floripa Chess Open Fort Atacadista"]
[Site "Florianópolis - Santa Catari"]
[Date "2023.01.26"]
[Round "5.108"]
[White "Oliveira, Tiago Batista"]
[Black "Passos Coutinho, Eduardo"]
[Result "1-0"]
[WhiteElo "2047"]
[BlackElo "1630"]
[PlyCount "67"]
[EventDate "2023.01.23"]
[EventRounds "10"]
[EventCountry "BRA"]

1. d4 Nf6 2. c4 c5 3. d5 b5 4. cxb5 a6 5. bxa6 g6 6. g3 Bg7 7. Bg2 d6 8. Nf3
O-O 9. O-O Nxa6 10. Nc3 Bf5 11. Re1 Ne4 12. Bd2 Nb4 13. Nh4 Nxc3 14. bxc3 Nc2
15. Nxf5 Nxe1 16. Nh6+ Bxh6 17. Bxh6 Nxg2 18. Bxf8 Qxf8 19. Kxg2 Qg7 20. Qb3
Qe5 21. Qc4 f5 22. a4 Kf7 23. f3 g5 24. a5 h5 25. a6 g4 26. Ra2 e6 27. Rd2 Qe3
28. dxe6+ Qxe6 29. Qb5 Rd8 30. Qb6 Qe3 31. Ra2 gxf3+ 32. exf3 Rg8 33. a7 h4 34.
Qb3+ 1-0

[Event "IX Floripa Chess Open Fort Atacadista"]
[Site "Florianópolis - Santa Catari"]
[Date "2023.01.26"]
[Round "5.109"]
[White "Ibanez, Marcelo"]
[Black "De Resende, Sidnei"]
[Result "1-0"]
[WhiteElo "2014"]
[BlackElo "1629"]
[PlyCount "43"]
[EventDate "2023.01.23"]
[EventRounds "10"]
[EventCountry "BRA"]

1. e4 c5 2. Nf3 d6 3. d4 cxd4 4. Nxd4 Nf6 5. Nc3 a6 6. f3 e6 7. Be3 Be7 8. Qd2
Nc6 9. O-O-O d5 10. Qf2 O-O 11. g4 Qc7 12. g5 Nd7 13. exd5 Nxd4 14. Rxd4 e5 15.
Rh4 f5 16. d6 Qxd6 17. Bc4+ Kh8 18. Nd5 Bd8 19. Rg1 b5 20. Rxh7+ Kxh7 21. Qh4+
Kg6 22. Nf6 1-0

[Event "IX Floripa Chess Open Fort Atacadista"]
[Site "Florianópolis - Santa Catari"]
[Date "2023.01.26"]
[Round "5.110"]
[White "Albiero, Marco Antonio Batis"]
[Black "De Siqueira, Luigy Lira"]
[Result "0-1"]
[WhiteElo "1621"]
[BlackElo "2011"]
[PlyCount "78"]
[EventDate "2023.01.23"]
[EventRounds "10"]
[EventCountry "BRA"]

1. e4 e5 2. Nf3 Nc6 3. Bc4 Bc5 4. c3 Nf6 5. d4 exd4 6. cxd4 Bb4+ 7. Nc3 Nxe4 8.
O-O Bxc3 9. d5 Bf6 10. Re1 Ne7 11. Rxe4 d6 12. Bg5 Bxg5 13. Nxg5 h6 14. Qe2
hxg5 15. Re1 Be6 16. dxe6 f6 17. Re3 c6 18. Rh3 Rxh3 19. gxh3 g6 20. Qf3 Qa5
21. Rd1 Qe5 22. a4 d5 23. Bd3 Qxe6 24. b4 Kf7 25. Rc1 Rh8 26. Kg2 Nf5 27. Bxf5
Qxf5 28. Qg3 Qe4+ 29. f3 Qf4 30. Re1 Qxg3+ 31. hxg3 Re8 32. Rc1 Re2+ 33. Kg1
Ke7 34. Rc3 Rb2 35. b5 d4 36. Rc4 d3 37. Kf1 Rb1+ 38. Kf2 d2 39. Re4+ Kf7 0-1

[Event "IX Floripa Chess Open Fort Atacadista"]
[Site "Florianópolis - Santa Catari"]
[Date "2023.01.26"]
[Round "5.111"]
[White "Souza, Marcos Valerio A."]
[Black "Martins, Arthur Francisco"]
[Result "1-0"]
[WhiteElo "1989"]
[BlackElo "1610"]
[PlyCount "85"]
[EventDate "2023.01.23"]
[EventRounds "10"]
[EventCountry "BRA"]

1. d4 Nf6 2. c4 e6 3. g3 c5 4. Nf3 cxd4 5. Nxd4 a6 6. Bg2 Be7 7. O-O O-O 8. Nc3
Nc6 9. e4 Qb6 10. Nb3 Ne5 11. c5 Qc7 12. Qd4 Nc6 13. Qd3 Rd8 14. f4 Na5 15. Na4
Nxb3 16. Qxb3 Bxc5+ 17. Nxc5 Qxc5+ 18. Be3 Qh5 19. Bb6 Re8 20. Bf3 Ng4 21. Bxg4
Qxg4 22. e5 Qe2 23. Rad1 Qb5 24. Rf3 Qxb3 25. Rxb3 h6 26. a4 Kh7 27. a5 Kg8 28.
Kf2 Kh7 29. Ke3 f5 30. Rd6 Rg8 31. h3 g6 32. g4 h5 33. Kf3 Kh6 34. Rc3 Rg7 35.
Rc2 Rb8 36. Rg2 h4 37. gxf5 gxf5 38. Rxg7 Kxg7 39. Rd4 d5 40. exd6 Bd7 41. Rc4
Bc6+ 42. Rxc6 bxc6 43. d7 1-0

[Event "IX Floripa Chess Open Fort Atacadista"]
[Site "Florianópolis - Santa Catari"]
[Date "2023.01.26"]
[Round "5.112"]
[White "Ccerhuayo Escobedo, Mels Leopold"]
[Black "Elesbao, Bernardo Dartora"]
[Result "1-0"]
[WhiteElo "1988"]
[BlackElo "1604"]
[PlyCount "61"]
[EventDate "2023.01.23"]
[EventRounds "10"]
[EventCountry "BRA"]

1. e4 c5 2. Nf3 e6 3. d4 cxd4 4. Nxd4 a6 5. Nc3 Qc7 6. Qf3 Nf6 7. a3 d6 8. Bg5
Nbd7 9. Be2 Be7 10. Qg3 h6 11. Be3 b6 12. Qxg7 Rg8 13. Qxh6 Bb7 14. Qh3 O-O-O
15. f3 d5 16. exd5 Nxd5 17. Nxd5 Bxd5 18. Bxa6+ Kb8 19. c4 Rh8 20. cxd5 Rxh3
21. gxh3 Bh4+ 22. Kf1 Nc5 23. Rc1 Rxd5 24. b4 Rxd4 25. bxc5 Qe5 26. cxb6 Rd1+
27. Ke2 Rxc1 28. Rxc1 Qxh2+ 29. Kd3 Qd6+ 30. Kc2 Qxa3 31. Bf4+ 1-0

[Event "IX Floripa Chess Open Fort Atacadista"]
[Site "Florianópolis - Santa Catari"]
[Date "2023.01.26"]
[Round "5.113"]
[White "Heinechen, John"]
[Black "Marocco, Gabriel Leao Quadro"]
[Result "1-0"]
[WhiteElo "1935"]
[BlackElo "1598"]
[PlyCount "41"]
[EventDate "2023.01.23"]
[EventRounds "10"]
[EventCountry "BRA"]

1. e4 c5 2. Nf3 d6 3. d4 cxd4 4. Nxd4 Nf6 5. Nc3 a6 6. f3 e6 7. Be3 Be7 8. Qd2
b5 9. O-O-O Bb7 10. g4 Nfd7 11. g5 Nb6 12. a3 N8d7 13. Qg2 Ne5 14. Qh3 Nbc4 15.
g6 Nxe3 16. gxf7+ Kxf7 17. Nxe6 Qd7 18. Rg1 Qxe6 19. Rxg7+ Kxg7 20. Qxe6 Rhe8
21. Bxb5 1-0

[Event "IX Floripa Chess Open Fort Atacadista"]
[Site "Florianópolis - Santa Catari"]
[Date "2023.01.26"]
[Round "5.114"]
[White "Da Cruz, Emerson"]
[Black "Rodriguez Farias, Eduardo"]
[Result "0-1"]
[WhiteElo "1615"]
[BlackElo "1919"]
[PlyCount "90"]
[EventDate "2023.01.23"]
[EventRounds "10"]
[EventCountry "BRA"]

1. d4 Nf6 2. c4 c5 3. d5 b5 4. cxb5 a6 5. bxa6 g6 6. Nc3 Bg7 7. e4 d6 8. Nf3
O-O 9. Be2 Qa5 10. O-O Bxa6 11. Re1 Nbd7 12. a4 Rfb8 13. Bxa6 Qxa6 14. h3 Ne8
15. Qe2 Qxe2 16. Rxe2 Nc7 17. Ra2 Na6 18. Nd2 Nb4 19. Ra1 Ne5 20. f4 Nc2 21.
Rb1 Nd3 22. Nc4 Nd4 23. Re3 Nxf4 24. g3 Nxh3+ 25. Kg2 Ng5 26. a5 h6 27. Na4 Nh7
28. Bd2 Nf6 29. Nab6 Ra7 30. b4 cxb4 31. Bxb4 Nc2 32. Re2 Nxb4 33. Rxb4 Nd7 34.
Rb5 Bd4 35. Rc2 Ne5 36. Nxe5 Bxe5 37. Rc4 Kg7 38. Kf3 h5 39. g4 h4 40. g5 h3
41. Rc8 h2 42. Kg2 Rxc8 43. Nxc8 Rc7 44. Rb1 Rxc8 45. a6 Rc2+ 0-1

[Event "IX Floripa Chess Open Fort Atacadista"]
[Site "Florianópolis - Santa Catari"]
[Date "2023.01.26"]
[Round "5.115"]
[White "Schena, Arthur"]
[Black "Melo, Sergio Roberto Samp"]
[Result "1-0"]
[WhiteElo "1918"]
[BlackElo "1580"]
[PlyCount "85"]
[EventDate "2023.01.23"]
[EventRounds "10"]
[EventCountry "BRA"]

1. Nf3 Nf6 2. g3 d5 3. Bg2 e6 4. O-O Be7 5. d3 O-O 6. Nbd2 c5 7. e4 Nc6 8. Re1
Qc7 9. e5 Nd7 10. Qe2 Rb8 11. Nf1 b5 12. h4 Nd4 13. Nxd4 cxd4 14. Bf4 Bb7 15.
Nh2 Rfc8 16. Rac1 Qa5 17. Ra1 Bb4 18. Rec1 Nf8 19. h5 Be7 20. Qg4 Kh8 21. Nf3
Qa4 22. b3 Qa5 23. Bd2 Qb6 24. b4 f6 25. h6 gxh6 26. exf6 Bxf6 27. Bf4 Ra8 28.
Be5 Nd7 29. Bxf6+ Nxf6 30. Qxd4 Qxd4 31. Nxd4 e5 32. Nxb5 Bc6 33. Nd6 Rc7 34.
c4 dxc4 35. Bxc6 Rxc6 36. Nf7+ Kg7 37. Nxe5 Re6 38. Nxc4 Rd8 39. Rd1 Nd5 40. a3
Nc3 41. Re1 Rxe1+ 42. Rxe1 Rxd3 43. Re7+ 1-0

[Event "IX Floripa Chess Open Fort Atacadista"]
[Site "Florianópolis - Santa Catari"]
[Date "2023.01.26"]
[Round "5.116"]
[White "Cunha, Angelo"]
[Black "Cavalcante, Adriano Nunes"]
[Result "0-1"]
[WhiteElo "1606"]
[BlackElo "1909"]
[PlyCount "114"]
[EventDate "2023.01.23"]
[EventRounds "10"]
[EventCountry "BRA"]

1. e4 d5 2. exd5 Qxd5 3. Nc3 Qa5 4. Bc4 Nf6 5. d3 a6 6. Bd2 Qf5 7. Qf3 Nc6 8.
O-O-O Ne5 9. Qxf5 Bxf5 10. Bb3 e6 11. h3 h5 12. Nge2 Bg6 13. Rhe1 Nc6 14. Nf4
Bf5 15. Nfd5 Nxd5 16. Bxd5 Kd7 17. Bf3 h4 18. Ne4 Nd4 19. Bg4 Bxg4 20. hxg4 Be7
21. c3 Nc6 22. d4 h3 23. gxh3 Rxh3 24. Bg5 f6 25. Bf4 Rah8 26. d5 exd5 27.
Rxd5+ Kc8 28. Nc5 Bxc5 29. Rxc5 Rh1 30. Rxh1 Rxh1+ 31. Kd2 Rg1 32. Bg3 Rb1 33.
Kc2 Re1 34. g5 Re2+ 35. Kb3 fxg5 36. Rxg5 Re7 37. a4 Kd7 38. Rg6 Ke8 39. Bh4
Rd7 40. f4 Kf7 41. Rg5 Ne7 42. Rg1 Nf5 43. Bf2 Rd2 44. Rf1 g6 45. a5 Re2 46.
Bc5 Re4 47. Kc2 Rc4 48. Bg1 Ra4 49. b4 Ra2+ 50. Kd3 Rg2 51. Bc5 Rg3+ 52. Kd2
Rh3 53. Rf2 Ng3 54. Ke3 Ke6 55. Kd2 Ne4+ 56. Kc2 Nxf2 57. Bxf2 Rh2 0-1

[Event "IX Floripa Chess Open Fort Atacadista"]
[Site "Florianópolis - Santa Catari"]
[Date "2023.01.26"]
[Round "5.117"]
[White "Senger, Maria Clara Da Silv"]
[Black "Bastos, Guilherme Exterhott"]
[Result "0-1"]
[WhiteElo "1604"]
[BlackElo "1902"]
[PlyCount "114"]
[EventDate "2023.01.23"]
[EventRounds "10"]
[EventCountry "BRA"]

1. e4 Nf6 2. e5 Nd5 3. d4 d6 4. Nf3 Nd7 5. c4 N5b6 6. exd6 exd6 7. Bd3 Be7 8.
O-O O-O 9. Nc3 Nf6 10. h3 d5 11. c5 Nbd7 12. Bf4 c6 13. Re1 Re8 14. Qc2 b6 15.
b4 a5 16. a3 Ba6 17. Ne5 Bxd3 18. Qxd3 Nxe5 19. Bxe5 Nd7 20. Bg3 b5 21. Ra2
axb4 22. axb4 Rxa2 23. Nxa2 Bf6 24. f3 Rxe1+ 25. Bxe1 Qa8 26. Nc3 Qa1 27. Kf1
Nf8 28. Ke2 Ne6 29. Kf1 Bxd4 30. Ne2 Bf6 31. Qe3 Qb1 32. Qa3 Qa1 33. Qe3 g6 34.
g3 Kg7 35. Kf2 Qb2 36. Bd2 Nd4 37. Qh6+ Kg8 38. Qf4 Nxe2 39. Kxe2 Bc3 40. h4
Qxd2+ 41. Qxd2 Bxd2 42. Kxd2 Kg7 43. Ke3 Kf6 44. Kf4 h6 45. Ke3 Ke5 46. Kd3 h5
47. Ke3 d4+ 48. Kd2 Kd5 49. Kd3 f6 50. g4 Ke5 51. gxh5 gxh5 52. Kd2 Kf4 53. Ke2
Kg3 54. Kd3 Kxh4 55. Kxd4 Kg3 56. Ke3 h4 57. f4 h3 0-1

[Event "IX Floripa Chess Open Fort Atacadista"]
[Site "Florianópolis - Santa Catari"]
[Date "2023.01.26"]
[Round "5.118"]
[White "Luz, Christian Oliveira"]
[Black "Silva, Janderson Rossi Da"]
[Result "1/2-1/2"]
[WhiteElo "1594"]
[BlackElo "1883"]
[PlyCount "70"]
[EventDate "2023.01.23"]
[EventRounds "10"]
[EventCountry "BRA"]

1. e4 c5 2. Nf3 d6 3. d4 cxd4 4. Nxd4 Nf6 5. Bd3 e5 6. Nb3 Be7 7. c4 Be6 8. Nc3
Nbd7 9. Nd5 Bxd5 10. cxd5 O-O 11. O-O Rc8 12. Kh1 Qc7 13. f4 Rfe8 14. f5 Nc5
15. Nxc5 Qxc5 16. g4 Qd4 17. Qe2 Qb4 18. g5 Nd7 19. f6 Bf8 20. Bb5 Red8 21.
Bxd7 Rxd7 22. fxg7 Bxg7 23. b3 Rdc7 24. Qf3 Rc2 25. Be3 R8c7 26. Rac1 Rxc1 27.
Bxc1 Kh8 28. h4 Rc3 29. Be3 h6 30. gxh6 Bxh6 31. Qf6+ Bg7 32. Qf3 Bh6 33. Qf6+
Bg7 34. Qf3 Bh6 35. Qf6+ Bg7 1/2-1/2

[Event "IX Floripa Chess Open Fort Atacadista"]
[Site "Florianópolis - Santa Catari"]
[Date "2023.01.26"]
[Round "5.119"]
[White "Valcarcel, Victor Ignacio Dos "]
[Black "Lima Miranda, Caio Cesar"]
[Result "1-0"]
[WhiteElo "1873"]
[BlackElo "1579"]
[PlyCount "93"]
[EventDate "2023.01.23"]
[EventRounds "10"]
[EventCountry "BRA"]

1. e4 c6 2. Nc3 d5 3. d4 Nf6 4. e5 Nfd7 5. Nf3 e6 6. Bd3 Be7 7. O-O c5 8. dxc5
Nc6 9. Bf4 O-O 10. Re1 Nxc5 11. h3 a6 12. Rc1 b5 13. Ne2 Bd7 14. c3 Na4 15. Bb1
Nb6 16. Ng3 g6 17. b3 Re8 18. Qe2 Rc8 19. h4 f5 20. exf6 Bxf6 21. h5 e5 22. Bh6
e4 23. Nh2 Bg5 24. Bxg5 Qxg5 25. hxg6 hxg6 26. a4 Ne5 27. a5 Na8 28. Qd1 Bc6
29. Re3 Bb7 30. Ne2 Nf3+ 31. Rxf3 exf3 32. Nxf3 Qf6 33. Ned4 Rcd8 34. Qd3 Rd6
35. g3 Nc7 36. Kg2 Kg7 37. Nh4 Rf8 38. f4 Bc8 39. Re1 Ne6 40. Nxg6 Re8 41. Nf5+
Kg8 42. Rh1 Nxf4+ 43. Nxf4 Bxf5 44. Qxf5 Qxc3 45. Qh7+ Kf8 46. Rf1 Qd2+ 47.
Ne2+ 1-0

[Event "IX Floripa Chess Open Fort Atacadista"]
[Site "Florianópolis - Santa Catari"]
[Date "2023.01.26"]
[Round "5.120"]
[White "Mauro, Roberto Da Silva"]
[Black "Marques Junior, Marcos Antonio"]
[Result "0-1"]
[WhiteElo "1590"]
[BlackElo "1870"]
[PlyCount "62"]
[EventDate "2023.01.23"]
[EventRounds "10"]
[EventCountry "BRA"]

1. d4 Nf6 2. c4 e6 3. Nf3 d5 4. g3 Be7 5. Bg2 O-O 6. cxd5 exd5 7. O-O c6 8. Qb3
Nbd7 9. Bd2 Re8 10. Re1 a5 11. a4 Ne4 12. Bc3 Bd6 13. Nbd2 Ndf6 14. Rac1 Qe7
15. Nf1 Ng4 16. h3 Ngxf2 17. g4 h5 18. Ne5 hxg4 19. Bxe4 Nxe4 20. hxg4 Qh4 21.
Qc2 Qf2+ 22. Kh1 Re6 23. g5 Bxe5 24. e3 Qf3+ 25. Kg1 Rg6 26. Re2 Bh3 27. Rg2
Bxg2 28. Qxg2 Rxg5 29. Qxg5 Qf2+ 30. Kh1 Nxg5 31. dxe5 Nf3 0-1

[Event "IX Floripa Chess Open Fort Atacadista"]
[Site "Florianópolis - Santa Catari"]
[Date "2023.01.26"]
[Round "5.121"]
[White "De Souza Monteiro, Marcos Paulo"]
[Black "Caceres Benitez, Fernando Israel"]
[Result "1-0"]
[WhiteElo "1869"]
[BlackElo "1574"]
[PlyCount "125"]
[EventDate "2023.01.23"]
[EventRounds "10"]
[EventCountry "BRA"]

1. d4 Nf6 2. c4 e6 3. a3 b6 4. Nc3 Bb7 5. Nf3 d5 6. Bg5 Be7 7. e3 Nbd7 8. Rc1
dxc4 9. Bxc4 O-O 10. O-O c5 11. Qe2 h6 12. Bh4 Ne4 13. Nxe4 Bxh4 14. Nd6 Bxf3
15. Qxf3 Qe7 16. dxc5 Nxc5 17. Rcd1 Bf6 18. b4 Nd7 19. Bb3 Ne5 20. Qe2 Qc7 21.
f4 Ng6 22. Nb5 Qb7 23. f5 exf5 24. Bd5 Qa6 25. Bxa8 Rxa8 26. Qf3 Rc8 27. Qxf5
Ne7 28. Qd7 Bg5 29. Nd6 Rc3 30. Qe8+ Kh7 31. Qxf7 Qe2 32. Nf5 Bf6 33. Nxe7
Qxe3+ 34. Kh1 Qxe7 35. Qxe7 Bxe7 36. Rd7 Bf6 37. Rxa7 Rb3 38. g3 Bd4 39. Kg2
Rb2+ 40. Kh3 Ra2 41. Rd1 Bc3 42. b5 Rb2 43. a4 Ra2 44. Ra6 Ba5 45. Rd4 Rb2 46.
Rc4 h5 47. Ra7 Bd2 48. Rcc7 Bh6 49. Rab7 Rb4 50. Rxb6 Rxa4 51. Ra6 Rb4 52. b6
Be3 53. b7 Rb2 54. Ra1 Kh6 55. Re1 Bf2 56. Rf1 Bd4 57. Rd1 Be3 58. Re7 Bc5 59.
Re6+ g6 60. Rc6 Be7 61. Rd7 Ba3 62. Rc8 Rb6 63. b8=Q 1-0

[Event "IX Floripa Chess Open Fort Atacadista"]
[Site "Florianópolis - Santa Catari"]
[Date "2023.01.26"]
[Round "5.122"]
[White "Ribeiro, Fabiano Pinto"]
[Black "De Souza, Lucio Teixeira"]
[Result "1-0"]
[WhiteElo "1865"]
[BlackElo "1568"]
[PlyCount "131"]
[EventDate "2023.01.23"]
[EventRounds "10"]
[EventCountry "BRA"]

1. e4 c5 2. Nf3 d6 3. c3 Nf6 4. Bd3 e6 5. O-O Be7 6. Qe2 Qc7 7. b3 Nbd7 8. Na3
a6 9. Nc4 b5 10. Ne3 Bb7 11. Nd1 O-O 12. Bb2 Rfe8 13. Rc1 h6 14. Bb1 c4 15. Nd4
d5 16. f3 Bc5 17. Kh1 Bd6 18. g3 Rac8 19. d3 cxd3 20. Bxd3 Nc5 21. Bxb5 dxe4
22. Bxe8 exf3 23. Bxf7+ Kxf7 24. Nxf3 Nce4 25. Kg1 Bxg3 26. hxg3 Kg8 27. Nd4
Qxg3+ 28. Qg2 Qh4 29. Nxe6 Ng3 30. Rf3 Bxf3 31. Qxf3 Re8 32. Kg2 Rxe6 33. Qxg3
Re2+ 34. Nf2 Qxg3+ 35. Kxg3 Rxb2 36. Ra1 Kf7 37. Kf3 Rd2 38. c4 Ke6 39. Ke3 Rd7
40. Re1 Rd6 41. Nd3 Kd7 42. Rg1 Ne8 43. Nc5+ Kc7 44. Ne4 Re6 45. Kd4 g5 46. Rf1
Nd6 47. Nc5 Re2 48. Nxa6+ Kb6 49. Nb4 Kb7 50. Kc5 Ne4+ 51. Kd4 Nd6 52. c5 Nb5+
53. Kd3 Re6 54. Rf7+ Kc8 55. Kc4 Nc7 56. Nd3 g4 57. Rg7 h5 58. b4 Re4+ 59. Kb3
h4 60. a4 g3 61. c6 Nd5 62. b5 Re3 63. Kc4 Nb6+ 64. Kd4 Rf3 65. a5 Na4 66. b6
1-0

[Event "IX Floripa Chess Open Fort Atacadista"]
[Site "Florianópolis - Santa Catari"]
[Date "2023.01.26"]
[Round "5.123"]
[White "Barbosa, Flavio Novais"]
[Black "Butzke, Lucas De Castro"]
[Result "1-0"]
[WhiteElo "1863"]
[BlackElo "1564"]
[PlyCount "103"]
[EventDate "2023.01.23"]
[EventRounds "10"]
[EventCountry "BRA"]

1. c4 e5 2. g3 Nc6 3. Bg2 f5 4. Nc3 Nf6 5. d3 Be7 6. Nf3 d6 7. Rb1 a5 8. a3 Nd4
9. e3 Nxf3+ 10. Bxf3 c6 11. b4 axb4 12. axb4 O-O 13. b5 d5 14. bxc6 bxc6 15.
cxd5 cxd5 16. Qb3 Be6 17. Qb6 Bf7 18. O-O e4 19. dxe4 dxe4 20. Qxd8 Rfxd8 21.
Be2 Rac8 22. Nb5 Nd5 23. Bb2 Rc2 24. Bd1 Rcc8 25. Nd4 g6 26. Bb3 Nc3 27. Bxf7+
Kxf7 28. Bxc3 Rxc3 29. Rb7 Ke8 30. Ra1 Rd7 31. Ra8+ Bd8 32. Rbb8 Ke7 33. Ra6
Kf7 34. Raa8 Ke7 35. Kg2 Rc1 36. h4 Rc4 37. h5 Rcc7 38. hxg6 hxg6 39. Ra6 Kf7
40. Ne6 Be7 41. Nxc7 Rxc7 42. Rab6 Rc2 43. Rb2 Rc1 44. R8b7 Rc6 45. Rb1 Re6 46.
R1b6 Re5 47. Rb5 Re6 48. Kf1 Rc6 49. Re5 Re6 50. Rxe6 Kxe6 51. Rb6+ Kf7 52. Ke2
1-0